000 02087nam0a2200385 4500
001 RU\NLR\bibl\1651946
005 20260405081831.0
010 _a978-5-392-01650-1
_91500
021 _aRU
_b2010-40538
_92715
035 _a(NLR Aleph) 001643265
090 _a875411
_c875411
100 _a20100702d2011 u y0rusy50 ca
101 0 _arus
102 _aRU
105 _aa |||||||||
200 1 _aИнвестиции
_eучебник
_e[для студентов, аспирантов и преподавателей экономических вузов
_fА.Ю. Андрианов, к.э.н., С.В. Валдайцев, д.э.н., проф., П.В. Воробьев, к.э.н., доц. и др.]
_gпод ред. д.э.н. В.В. Ковалева [и др.]
205 _a2-е изд., перераб. и доп.
210 _aМосква
_cПроспект
_d2011 [т.е. 2010]
215 _a584 с.
_cил.
_d22
300 _aАвт. указаны на обороте тит. л.
300 _aКн. фактически издана в 2010 г.
320 _aБиблиогр. в конце гл. и в подстроч. прим.
606 1 _aИнвестиции капитала
_jУчебники для высших учебных заведений
_yРоссийская Федерация
_92084885
_3RU\NLR\auth\661260982
686 _aУ9(2)-56(2Р)я73
701 1 _aАндрианов
_bА. Ю.
_gАлександр Юрьевич
_4070
701 1 _aВалдайцев
_bС. В.
_gСергей Васильевич
_4070
701 1 _4070
_8rus
_7ca
_aВоробьев
_bП. В.
_f1964-
_cканд. экон. наук, финансы
_gПавел Викторович
_3RU\NLR\AUTH\7728645
_911676
702 1 _4340
_7ca
_8rus
_aКовалев
_bВ. В.
_cд-р экон. наук, финансовая экономика
_f1948-2020
_gВалерий Викторович
_9113077
_3RU\NLR\auth\773071
801 0 _aRU
_bNLR
_c20100702
_gRCR
801 1 _aRU
_bNLR
_c20100702
830 _aАвт. по эк
942 _cBOOK
980 _aNB
980 _aNBR